| 000 | 00419nam a22001697a 4500 | ||
|---|---|---|---|
| 005 | 20231010185318.0 | ||
| 008 | 231010b |||||||| |||| 00| 0 eng d | ||
| 082 |
_a658.8342 _bSOL-C |
||
| 100 | _aSolomon,Michael R. | ||
| 245 |
_aConsumer Behaviour _bBuying,Having and Being |
||
| 250 | _a8th.ed. | ||
| 260 | _aU.K | ||
| 300 | _a719 | ||
| 500 | _aInclude Index | ||
| 650 | _aManagement | ||
| 700 | _aMicheal R.Solomon | ||
| 999 |
_c33847 _d33847 |
||